Multiple Choice City Quiz - Lyon - Statistics

General Stats
  • This quiz has been taken 96 times
  • The average score is 7 of 10
Answer Stats
Question Answer % Correct
Where is Lyon located?
89%
Lyon is located at the confluence of the ____ and ____ rivers Rhône and Saône
87%
Which of these is the city of Lyon divided into? Arrondissements
82%
Which Roman city was on the site of modern-day Lyon? Lugdunum
79%
Who is the 'pope of gastronomy' whose restaurant in Lyon received three Michelin stars? Paul Bocuse
79%
How many times has Lyon hosted the Olympics? 0
69%
Which of these inventions is from Lyon? Cinematograph
69%
The tallest building in Lyon resembles which object? Pencil
66%
What/Who is Arpitan? A language spoken in Lyon and the surrounding region
46%
What is the approximate average elevation of Lyon? 230m
44%
No matching quizzes found
Score Distribution
Percent of People with Each Score
Percentile by Number Answered
Your Score History
You have not taken this quiz